<?xml version="1.0" encoding="UTF-8"?>
<marc:record xmlns:marc="http://www.loc.gov/MARC21/slim">
   <marc:leader>00000nam a2200000 a 4500</marc:leader>
   <marc:datafield ind1="1" ind2=" " tag="100">
      <marc:subfield code="a">Carlan, Audrey</marc:subfield>
      <marc:subfield code="4">aut</marc:subfield>
      <marc:subfield code="e">Verfasser/-in</marc:subfield>
   </marc:datafield>
   <marc:datafield ind1="0" ind2="0" tag="245">
      <marc:subfield code="a">Verführt</marc:subfield>
   </marc:datafield>
   <marc:datafield ind1="0" ind2="0" tag="245">
      <marc:subfield code="b">Januar, Februar, März</marc:subfield>
   </marc:datafield>
   <marc:datafield ind1="0" ind2="0" tag="245">
      <marc:subfield code="c">Audrey Carlan. Aus dem Amerikan. von Friederike Ails, Graziella Stern und Christiane Sipeer</marc:subfield>
   </marc:datafield>
   <marc:datafield ind1=" " ind2="1" tag="264">
      <marc:subfield code="a">Berlin</marc:subfield>
      <marc:subfield code="b">Ullstein-Verl.</marc:subfield>
      <marc:subfield code="c">2016</marc:subfield>
   </marc:datafield>
   <marc:datafield ind1="1" ind2=" " tag="490">
      <marc:subfield code="a">Calendar Girl</marc:subfield>
      <marc:subfield code="v">1</marc:subfield>
   </marc:datafield>
   <marc:datafield ind1=" " ind2=" " tag="250">
      <marc:subfield code="a">2</marc:subfield>
   </marc:datafield>
   <marc:datafield ind1="1" ind2=" " tag="520">
      <marc:subfield code="a">Mia Saunders braucht Geld. Viel Geld. Eine Million Dollar, um ihren Vater zu retten. Er liegt im Krankenhaus, weil er seine Spielschulden nicht begleichen konnte. Um die Summe aufzutreiben, heuert Mia bei einer Agentur an und lässt sich als Begleitung buchen. Ihre Gesellschaft kostet 100.000 Dollar pro Monat. Sex ist ausdrücklich nicht Teil des Deals &#x96; leicht verdientes Geld! Und der Liebe hat Mia sowieso abgeschworen. Als sie ihrem ersten Kunden, dem Hollywood-Autor Wes Channing, gegenübersteht, ist schnell klar: Zwischen den beiden knistert es gewaltig. Vor ihnen liegt ein Monat voll heißer Leidenschaft. Doch Mia darf sich nicht verlieben. Denn Wes ist nur Mr Januar.</marc:subfield>
   </marc:datafield>
   <marc:datafield ind1=" " ind2=" " tag="020">
      <marc:subfield code="a">9783548288840</marc:subfield>
      <marc:subfield code="9">9783548288840</marc:subfield>
   </marc:datafield>
   <marc:datafield ind1=" " ind2=" " tag="020">
      <marc:subfield code="a">3548288847</marc:subfield>
      <marc:subfield code="9">3548288847</marc:subfield>
   </marc:datafield>
   <marc:datafield ind1=" " ind2=" " tag="300">
      <marc:subfield code="a">365 S.</marc:subfield>
   </marc:datafield>
</marc:record>
